Movies Quiz

Random Movies or Clickable Quiz

Harry Potter Mis-Matches Quiz Stats

 Plays Quiz Updated Feb 9, 2017

Challenge
Share
Tweet
Score 0/30 Timer 05:00
11 Plays Today
% Correct
Alan Snape
98.3%
Daniel Potter
98%
Emma Granger
97.4%
Gary Black
96%
Rupert Weasley
95.4%
Richard Dumbledore
95.4%
Helena Lestrange
95.2%
Evanna Lovegood
94.9%
Matthew Longbottom
94.8%
Ralph Voldemort
94.7%
Tom Malfoy
94.3%
Maggie McGonagall
94.1%
Katie Chang
94%
Robert Diggory
93.9%
Bonnie Weasley
93.4%
% Correct
Imelda Umbridge
93%
Robbie Hagrid
92.4%
Jason Malfoy
91.9%
David Lupin
91.2%
Emma Trelawney
90.7%
Kenneth Lockhart
90.7%
Timothy Pettigrew
90.1%
Julie Weasley
90.1%
Brendan Moody
89.7%
Harry Dursley
86.3%
Jim Slughorn
86%
Richard Dursley
85.1%
David Filch
82.6%
Warwick Flitwick
80.4%
John Ollivander
72.7%

You're not logged in!

Compare scores with friends on all Sporcle quizzes.
Join for Free
OR
Log In

You Might Also Like...

Show Comments

Extras

Top Quizzes Today


Score Distribution

Your Account Isn't Verified!

In order to create a playlist on Sporcle, you need to verify the email address you used during registration. Go to your Sporcle Settings to finish the process.

Report this User

Report this user for behavior that violates our Community Guidelines.

Details: